Estadísticas para Top 10 Economías más Grandes en Asia

Haz click aquí para tomar la prueba!

Estadísticas generales

  • Esta prueba ha sido tomada 5.456 veces
  • La puntuación promedio es 9 de 10

Estadísticas de respuestas

PIBPaís% Correcto
23,122China
100%
5,405Japón
98%
9,447India
97%
2,027Corea del Sur
93%
3,242Indonesia
90%
1,789Arabia Saudita
84%
1,228Tailandia
82%
1,631Irán
80%
1,177Taiwán
70%
1,834Turquía
69%

Distribución de puntuación

Porcentaje por número respondido

Porcentaje de gente con cada puntuación

Historial de tus puntuaciones

No has tomado esta prueba